00586nam a2200181 a 4500008004100000050001300041100002200054245007900076260004000155300001500195350000900210490004600219650003400265650005500299650001400354700001900368700001700387060619s2005 ||||||||||||||||| || u aIBRD(08) aOviedo, Ana Maria14aThe impact of regulation on growth and informality: cross-country evidence aWashington, D. C.bWorld Bankc2005 a19p.: ill. a0.00 aWorld Bank policy research working papers aREGULATIONS--INFORMAL ECONOMY 0aECONOMIC GROWTH--REGULATIONS--DEVELOPING COUNTRIES 0aECONOMICS aLoayza, Norman aServen, Luis